00618nam a2200181Ia 4500003000900000008004100009020001800050040001600068080001100084100001900095245015900114260003700273300001600310650004100326650002100367650002500388700002300413IN-BaIIA211028s9999 xx 000 0 eng d a1-881157-19-9 cIIA Library a5bGIE aGieryn, Thomas 0aScience and technology in the developing world: liberation or dependence?cThomas Gieryn and Hollis R Johnson  aU.S.A.bIndiana Universityc1992 aviii, 250p. aAstronomy and Astrophysics Thesaurus aDeveloping World aScience & Technology aJohnson, Hollis R.